Statistics for Bands by a Dead Member #3

Click here to take the quiz!

General Stats

  • This quiz has been taken 47 times
  • The average score is 5 of 10

Answer Stats

HintAnswer% Correct
Kurt CobainNirvana
93%
Ginger BakerCream
70%
Dolores O'RiordanThe Cranberries
70%
Adam YauchThe Beastie Boys
65%
Jam Master JayRun-D.M.C.
60%
Phil LynottThin Lizzy
48%
Dimebag DarrellPantera
40%
Kim ShattuckThe Muffs
8%
David BermanThe Silver Jews
8%
Ed AckersonPolara
3%

Score Distribution

Percentile by Number Answered

Percent of People with Each Score

Your Score History

You have not taken this quiz